| 000 | 00594nam a2200217Ia 4500 | ||
|---|---|---|---|
| 008 | 101110s9999 xx 000 0 und d | ||
| 041 | _aENGLISH | ||
| 082 | _bSR32466 | ||
| 100 | _aForouzan Behrouz A. | ||
| 245 | _aData Communications & Networking 4th Edition | ||
| 260 |
_c2006 _bTata McGraw Hill Co.Ltd.New Delhi |
||
| 300 | _a1134 | ||
| 365 | _b425 | ||
| 520 | _aComputer | ||
| 546 | _aENGLISH | ||
| 630 | _aData Communications & Networking 4th Edition | ||
| 650 | _aComputer | ||
| 655 | _aComputer | ||
| 730 | _aData Communications & Networking 4th Edition | ||
| 942 | _cBOOK | ||
| 999 |
_c824968 _d824965 |
||